| 000 | 00427cam a2200181 4500 | ||
|---|---|---|---|
| 001 | D3016 | ||
| 008 | 090401t1981 xxu||||| |||| 00| 0 eng d | ||
| 035 | _a(Sirsi) u71574 | ||
| 041 | _aeng | ||
| 050 | _a333.335 | ||
| 100 | _aCurrie, J.M. | ||
| 245 | 4 | _aThe economic theory of agricultural land tenure | |
| 260 |
_aCambridge _bCUP _c1981 |
||
| 300 | _avii. 194p. 24cm | ||
| 350 | _a15 | ||
| 942 | _n0 | ||
| 948 | _c04/03/1997 | ||
| 999 |
_c95417 _d95417 |
||